000 00751cab a2200229 4500
001 WB3438-30
008 090401t1998 xxu||||| |||| 00| 0 eng d
035 _a(Sirsi) u88866
041 _aeng
245 _aPlanning laws hinder competitiveness
260 _c1998
350 _a0
490 _aFinancial Times
_v6 October 1998, 14(1)
520 _aA report on competitiveness produced by management consultant McKinsey due to be published shortly highlights planning regulations as a serious problem for business competitiveness.
650 _aCOMPETITIVENESS
650 _aLISTED BUILDINGS
650 _aPLANNING PERMISSION
650 _aPLANNING REGULATIONS
690 _aPLANNING LAW AND PRACTICE
942 _n0
948 _c06/10/1998
999 _c56201
_d56201